[Event "DVM U20 2020"]
[Site "Willingen GER"]
[Date "2021.06.25"]
[Round "3"]
[White "Stelmaszyk, Nico"]
[Black "Kololli, Martin"]
[Result "1/2-1/2"]
[Termination "normal"]
[Board "5.1"]
[WhiteTitle "FM"]
[BlackTitle "FM"]
[WhiteElo "2299"]
[BlackElo "2316"]
[WhiteClock "00:23:21"]
[BlackClock "00:19:33"]
[WhiteTeam "SK Lehrte von 1919 e. V."]
[BlackTeam "Lübecker SV von 1873"]
[PlyCount "117"]
[WhiteFideId "16200462"]
[BlackFideId "12936910"]
[EventCountry "GER"]
[EventRounds "7"]
[EventType "team-swiss"]
[EventDate "2021.06.23"]

1. e4 {[%clk 01:30:57]} {[%emt 00:00:02]} e5 {[%clk 01:30:54]} {[%emt
00:00:07]} 2. Nf3 {[%clk 01:31:21]} {[%emt 00:00:06]} Nc6 {[%clk 01:31:19]}
{[%emt 00:00:05]} 3. Bc4 {[%clk 01:31:45]} {[%emt 00:00:06]} Nf6 {[%clk
01:31:44]} {[%emt 00:00:05]} 4. d3 {[%clk 01:32:08]} {[%emt 00:00:07]} Be7
{[%clk 01:32:09]} {[%emt 00:00:05]} 5. Nc3 {[%clk 01:32:30]} {[%emt 00:00:08]}
d6 {[%clk 01:32:04]} {[%emt 00:00:34]} 6. a3 {[%clk 01:32:52]} {[%emt
00:00:08]} O-O {[%clk 01:31:45]} {[%emt 00:00:49]} 7. O-O {[%clk 01:33:16]}
{[%emt 00:00:06]} Be6 {[%clk 01:27:07]} {[%emt 00:05:08]} 8. Nd5 {[%clk
01:33:22]} {[%emt 00:00:25]} Nb8 {[%clk 01:21:31]} {[%emt 00:06:06]} 9. c3
{[%clk 01:27:45]} {[%emt 00:06:07]} Nbd7 {[%clk 01:18:17]} {[%emt 00:03:42]}
10. Nxf6+ {[%clk 01:16:36]} {[%emt 00:11:40]} Bxf6 {[%clk 01:18:25]} {[%emt
00:00:22]} 11. Bxe6 {[%clk 01:16:44]} {[%emt 00:00:22]} fxe6 {[%clk 01:18:50]}
{[%emt 00:00:05]} 12. d4 {[%clk 01:15:01]} {[%emt 00:02:13]} exd4 {[%clk
01:11:45]} {[%emt 00:07:36]} 13. cxd4 {[%clk 01:15:21]} {[%emt 00:00:10]} d5
{[%clk 01:12:06]} {[%emt 00:00:08]} 14. Re1 {[%clk 01:08:41]} {[%emt 00:07:11]}
c6 {[%clk 01:06:04]} {[%emt 00:06:32]} 15. Bf4 {[%clk 01:03:27]} {[%emt
00:05:44]} Nb6 {[%clk 01:02:37]} {[%emt 00:03:56]} 16. Bg3 {[%clk 00:58:53]}
{[%emt 00:05:04]} Qd7 {[%clk 01:00:47]} {[%emt 00:02:20]} 17. Qc2 {[%clk
00:55:43]} {[%emt 00:03:40]} Rae8 {[%clk 01:00:05]} {[%emt 00:01:12]} 18. a4
{[%clk 00:54:47]} {[%emt 00:01:26]} Nc4 {[%clk 00:54:16]} {[%emt 00:06:19]} 19.
b3 {[%clk 00:51:20]} {[%emt 00:03:57]} dxe4 {[%clk 00:54:28]} {[%emt 00:00:18]}
20. Rxe4 {[%clk 00:50:59]} {[%emt 00:00:51]} Nd6 {[%clk 00:54:52]} {[%emt
00:00:06]} 21. Bxd6 {[%clk 00:51:11]} {[%emt 00:00:19]} Qxd6 {[%clk 00:55:17]}
{[%emt 00:00:05]} 22. Rae1 {[%clk 00:51:05]} {[%emt 00:00:36]} Qd5 {[%clk
00:55:05]} {[%emt 00:00:39]} 23. Qc3 {[%clk 00:41:29]} {[%emt 00:10:08]} Re7
{[%clk 00:51:18]} {[%emt 00:04:16]} 24. Qe3 {[%clk 00:40:44]} {[%emt 00:01:15]}
Rd8 {[%clk 00:47:26]} {[%emt 00:04:23]} 25. h3 {[%clk 00:37:16]} {[%emt
00:03:59]} Rd6 {[%clk 00:42:42]} {[%emt 00:05:13]} 26. g4 {[%clk 00:29:08]}
{[%emt 00:08:39]} g6 {[%clk 00:40:43]} {[%emt 00:02:28]} 27. h4 {[%clk
00:27:16]} {[%emt 00:02:23]} Bg7 {[%clk 00:36:04]} {[%emt 00:05:08]} 28. Kh2
{[%clk 00:24:05]} {[%emt 00:03:41]} Rd8 {[%clk 00:33:42]} {[%emt 00:02:51]} 29.
Kg3 {[%clk 00:21:49]} {[%emt 00:02:47]} Rf7 {[%clk 00:29:32]} {[%emt 00:04:39]}
30. Ne5 {[%clk 00:14:10]} {[%emt 00:08:09]} Bxe5+ {[%clk 00:29:05]} {[%emt
00:00:58]} 31. Rxe5 {[%clk 00:14:27]} {[%emt 00:00:13]} Qxd4 {[%clk 00:29:05]}
{[%emt 00:00:29]} 32. Rxe6 {[%clk 00:14:25]} {[%emt 00:00:33]} Qxe3+ {[%clk
00:28:56]} {[%emt 00:00:39]} 33. R1xe3 {[%clk 00:14:47]} {[%emt 00:00:07]} Rd1
{[%clk 00:27:31]} {[%emt 00:01:56]} 34. f3 {[%clk 00:13:55]} {[%emt 00:01:23]}
Kg7 {[%clk 00:24:57]} {[%emt 00:03:04]} 35. Re8 {[%clk 00:12:08]} {[%emt
00:02:17]} a6 {[%clk 00:18:40]} {[%emt 00:06:46]} 36. R8e5 {[%clk 00:10:38]}
{[%emt 00:02:01]} Rg1+ {[%clk 00:12:41]} {[%emt 00:06:29]} 37. Kh2 {[%clk
00:10:04]} {[%emt 00:01:03]} Rd1 {[%clk 00:13:06]} {[%emt 00:00:06]} 38. h5
{[%clk 00:09:21]} {[%emt 00:01:14]} Rd5 {[%clk 00:11:01]} {[%emt 00:02:34]} 39.
Rxd5 {[%clk 00:07:50]} {[%emt 00:02:01]} cxd5 {[%clk 00:11:25]} {[%emt
00:00:05]} 40. hxg6 {[%clk 00:07:57]} {[%emt 00:00:25]} hxg6 {[%clk 00:11:42]}
{[%emt 00:00:13]} 41. Kg3 {[%clk 00:08:11]} {[%emt 00:00:16]} Kf6 {[%clk
00:08:20]} {[%emt 00:03:51]} 42. f4 {[%clk 00:07:32]} {[%emt 00:01:09]} Rc7
{[%clk 00:07:45]} {[%emt 00:01:04]} 43. Rd3 {[%clk 00:04:48]} {[%emt 00:03:15]}
Rc5 {[%clk 00:04:48]} {[%emt 00:03:27]} 44. Kh4 {[%clk 00:04:04]} {[%emt
00:01:14]} a5 {[%clk 00:02:06]} {[%emt 00:03:11]} 45. Rd2 {[%clk 00:26:18]}
{[%emt 00:08:17]} b5 {[%clk 00:26:04]} {[%emt 00:06:32]} 46. Rd4 {[%clk
00:24:36]} {[%emt 00:02:12]} bxa4 {[%clk 00:21:36]} {[%emt 00:04:58]} 47. Rxa4
{[%clk 00:24:05]} {[%emt 00:01:02]} Rb5 {[%clk 00:21:20]} {[%emt 00:00:45]} 48.
Rd4 {[%clk 00:23:52]} {[%emt 00:00:42]} Rxb3 {[%clk 00:19:06]} {[%emt
00:02:45]} 49. Rxd5 {[%clk 00:23:59]} {[%emt 00:00:24]} Rb4 {[%clk 00:19:26]}
{[%emt 00:00:08]} 50. Rxa5 {[%clk 00:22:00]} {[%emt 00:02:29]} Rxf4 {[%clk
00:19:37]} {[%emt 00:00:20]} 51. Ra6+ {[%clk 00:22:25]} {[%emt 00:00:04]} Kg7
{[%clk 00:19:10]} {[%emt 00:00:56]} 52. Kg5 {[%clk 00:22:47]} {[%emt 00:00:08]}
Rf7 {[%clk 00:19:18]} {[%emt 00:00:22]} 53. Rxg6+ {[%clk 00:23:08]} {[%emt
00:00:09]} Kh7 {[%clk 00:19:38]} {[%emt 00:00:10]} 54. Ra6 {[%clk 00:22:27]}
{[%emt 00:01:11]} Kg7 {[%clk 00:19:37]} {[%emt 00:00:30]} 55. Kh5 {[%clk
00:22:13]} {[%emt 00:00:45]} Rb7 {[%clk 00:19:47]} {[%emt 00:00:19]} 56. g5
{[%clk 00:22:23]} {[%emt 00:00:21]} Rc7 {[%clk 00:19:37]} {[%emt 00:00:40]} 57.
Ra5 {[%clk 00:22:44]} {[%emt 00:00:09]} Rb7 {[%clk 00:19:41]} {[%emt 00:00:26]}
58. g6 {[%clk 00:23:00]} {[%emt 00:00:15]} Rc7 {[%clk 00:19:33]} {[%emt
00:00:36]} 59. Kh4 {[%clk 00:23:21]} {[%emt 00:00:09]} 1/2-1/2

[Event "DVM U20 2020"]
[Site "Willingen GER"]
[Date "2021.06.25"]
[Round "3"]
[White "Bosselmann, Tom Linus"]
[Black "Meiwes, Thore"]
[Result "1/2-1/2"]
[Termination "normal"]
[Board "5.2"]
[WhiteElo "2060"]
[BlackElo "2054"]
[WhiteClock "00:04:29"]
[BlackClock "00:18:51"]
[WhiteTeam "Lübecker SV von 1873"]
[BlackTeam "SK Lehrte von 1919 e. V."]
[PlyCount "143"]
[WhiteFideId "12983845"]
[BlackFideId "16201256"]
[EventCountry "GER"]
[EventRounds "7"]
[EventType "team-swiss"]
[EventDate "2021.06.23"]

1. e4 {[%clk 01:30:57]} {[%emt 00:00:02]} c5 {[%clk 01:30:55]} {[%emt
00:00:06]} 2. Nf3 {[%clk 01:31:16]} {[%emt 00:00:11]} Nc6 {[%clk 01:31:19]}
{[%emt 00:00:05]} 3. d4 {[%clk 01:31:37]} {[%emt 00:00:09]} cxd4 {[%clk
01:31:45]} {[%emt 00:00:05]} 4. Nxd4 {[%clk 01:32:03]} {[%emt 00:00:04]} g6
{[%clk 01:32:05]} {[%emt 00:00:09]} 5. Nc3 {[%clk 01:32:24]} {[%emt 00:00:09]}
Bg7 {[%clk 01:32:29]} {[%emt 00:00:05]} 6. Be3 {[%clk 01:32:50]} {[%emt
00:00:05]} Nf6 {[%clk 01:32:48]} {[%emt 00:00:10]} 7. Bc4 {[%clk 01:33:02]}
{[%emt 00:00:19]} Qa5 {[%clk 01:32:47]} {[%emt 00:00:31]} 8. O-O {[%clk
01:11:06]} {[%emt 00:22:26]} O-O {[%clk 01:30:49]} {[%emt 00:02:28]} 9. Bb3
{[%clk 01:09:59]} {[%emt 00:01:38]} d6 {[%clk 01:30:57]} {[%emt 00:00:21]} 10.
h3 {[%clk 01:09:44]} {[%emt 00:00:45]} Bd7 {[%clk 01:31:09]} {[%emt 00:00:18]}
11. Kh1 {[%clk 01:01:42]} {[%emt 00:08:32]} Rac8 {[%clk 01:26:18]} {[%emt
00:05:20]} 12. f4 {[%clk 00:57:34]} {[%emt 00:04:39]} Nxd4 {[%clk 01:23:19]}
{[%emt 00:03:28]} 13. Bxd4 {[%clk 00:57:54]} {[%emt 00:00:11]} Bc6 {[%clk
01:17:01]} {[%emt 00:06:47]} 14. Qd3 {[%clk 00:57:00]} {[%emt 00:01:26]} Nd7
{[%clk 01:17:19]} {[%emt 00:00:11]} 15. Bxg7 {[%clk 00:56:44]} {[%emt
00:00:47]} Kxg7 {[%clk 01:17:46]} {[%emt 00:00:02]} 16. f5 {[%clk 00:48:43]}
{[%emt 00:08:32]} Ne5 {[%clk 01:16:30]} {[%emt 00:01:45]} 17. Qg3 {[%clk
00:46:08]} {[%emt 00:03:06]} f6 {[%clk 01:10:17]} {[%emt 00:06:42]} 18. Rad1
{[%clk 00:43:50]} {[%emt 00:02:48]} Bb5 {[%clk 01:04:48]} {[%emt 00:05:56]} 19.
Rf2 {[%clk 00:36:02]} {[%emt 00:08:21]} Bc4 {[%clk 01:04:16]} {[%emt 00:01:02]}
20. fxg6 {[%clk 00:34:39]} {[%emt 00:01:53]} hxg6 {[%clk 01:03:35]} {[%emt
00:01:11]} 21. Rfd2 {[%clk 00:30:37]} {[%emt 00:04:33]} b5 {[%clk 00:59:51]}
{[%emt 00:04:14]} 22. Nd5 {[%clk 00:26:54]} {[%emt 00:04:14]} Qd8 {[%clk
00:54:15]} {[%emt 00:06:05]} 23. Nf4 {[%clk 00:24:59]} {[%emt 00:02:25]} Kf7
{[%clk 00:52:53]} {[%emt 00:01:52]} 24. Rd5 {[%clk 00:17:29]} {[%emt 00:08:01]}
g5 {[%clk 00:46:43]} {[%emt 00:06:39]} 25. Nd3 {[%clk 00:13:56]} {[%emt
00:04:04]} Nxd3 {[%clk 00:36:25]} {[%emt 00:10:47]} 26. R5xd3 {[%clk 00:14:24]}
{[%emt 00:00:02]} Rc5 {[%clk 00:34:35]} {[%emt 00:02:21]} 27. Re3 {[%clk
00:09:25]} {[%emt 00:05:29]} Qc8 {[%clk 00:32:54]} {[%emt 00:02:10]} 28. Bxc4+
{[%clk 00:07:43]} {[%emt 00:02:13]} Rxc4 {[%clk 00:31:22]} {[%emt 00:02:01]}
29. c3 {[%clk 00:07:22]} {[%emt 00:00:51]} Qe6 {[%clk 00:30:42]} {[%emt
00:01:10]} 30. Qf3 {[%clk 00:07:08]} {[%emt 00:00:44]} Rh8 {[%clk 00:30:20]}
{[%emt 00:00:52]} 31. Kg1 {[%clk 00:06:27]} {[%emt 00:01:11]} Kg7 {[%clk
00:28:08]} {[%emt 00:02:41]} 32. Qf5 {[%clk 00:06:40]} {[%emt 00:00:19]} Qxf5
{[%clk 00:23:45]} {[%emt 00:04:52]} 33. exf5 {[%clk 00:04:53]} {[%emt
00:02:18]} Kf7 {[%clk 00:23:45]} {[%emt 00:00:30]} 34. Rd5 {[%clk 00:05:01]}
{[%emt 00:00:22]} Rb8 {[%clk 00:22:55]} {[%emt 00:01:19]} 35. Kh2 {[%clk
00:03:54]} {[%emt 00:01:37]} b4 {[%clk 00:20:32]} {[%emt 00:02:53]} 36. Ra5
{[%clk 00:03:53]} {[%emt 00:00:30]} Rb7 {[%clk 00:19:11]} {[%emt 00:01:51]} 37.
cxb4 {[%clk 00:03:24]} {[%emt 00:01:01]} Rcxb4 {[%clk 00:19:18]} {[%emt
00:00:22]} 38. Rea3 {[%clk 00:03:15]} {[%emt 00:00:38]} Rxb2 {[%clk 00:18:50]}
{[%emt 00:00:59]} 39. Rxa7 {[%clk 00:03:41]} {[%emt 00:00:04]} d5 {[%clk
00:16:28]} {[%emt 00:02:51]} 40. Rxb7 {[%clk 00:01:25]} {[%emt 00:02:47]} Rxb7
{[%clk 00:16:37]} {[%emt 00:00:21]} 41. Rd3 {[%clk 00:29:01]} {[%emt 00:02:54]}
e6 {[%clk 00:45:43]} {[%emt 00:01:23]} 42. fxe6+ {[%clk 00:24:12]} {[%emt
00:05:20]} Kxe6 {[%clk 00:46:10]} {[%emt 00:00:03]} 43. Kg3 {[%clk 00:23:54]}
{[%emt 00:00:47]} Ra7 {[%clk 00:46:06]} {[%emt 00:00:34]} 44. a3 {[%clk
00:23:08]} {[%emt 00:01:17]} Ra4 {[%clk 00:46:26]} {[%emt 00:00:10]} 45. Re3+
{[%clk 00:21:14]} {[%emt 00:02:24]} Kd6 {[%clk 00:41:43]} {[%emt 00:05:14]} 46.
Kf3 {[%clk 00:20:29]} {[%emt 00:01:14]} Kc5 {[%clk 00:36:45]} {[%emt 00:05:27]}
47. Rd3 {[%clk 00:19:08]} {[%emt 00:01:52]} Re4 {[%clk 00:35:32]} {[%emt
00:01:42]} 48. Rb3 {[%clk 00:17:34]} {[%emt 00:02:05]} Re5 {[%clk 00:32:03]}
{[%emt 00:03:59]} 49. Rb8 {[%clk 00:09:22]} {[%emt 00:08:42]} d4 {[%clk
00:30:38]} {[%emt 00:01:54]} 50. Rc8+ {[%clk 00:08:48]} {[%emt 00:01:04]} Kb5
{[%clk 00:29:06]} {[%emt 00:02:03]} 51. a4+ {[%clk 00:05:55]} {[%emt 00:03:23]}
Kb4 {[%clk 00:29:03]} {[%emt 00:00:33]} 52. Rc6 {[%clk 00:06:00]} {[%emt
00:00:24]} d3 {[%clk 00:28:36]} {[%emt 00:00:57]} 53. Rd6 {[%clk 00:04:44]}
{[%emt 00:01:46]} Kc3 {[%clk 00:28:34]} {[%emt 00:00:33]} 54. Rc6+ {[%clk
00:04:52]} {[%emt 00:00:22]} Kd2 {[%clk 00:26:53]} {[%emt 00:02:11]} 55. Rxf6
{[%clk 00:05:05]} {[%emt 00:00:17]} Ke1 {[%clk 00:25:56]} {[%emt 00:01:28]} 56.
Rd6 {[%clk 00:05:04]} {[%emt 00:00:31]} d2 {[%clk 00:26:04]} {[%emt 00:00:22]}
57. g3 {[%clk 00:02:41]} {[%emt 00:02:53]} d1=Q+ {[%clk 00:26:23]} {[%emt
00:00:10]} 58. Rxd1+ {[%clk 00:03:10]} {[%emt 00:00:02]} Kxd1 {[%clk 00:26:42]}
{[%emt 00:00:11]} 59. h4 {[%clk 00:03:17]} {[%emt 00:00:22]} gxh4 {[%clk
00:26:49]} {[%emt 00:00:24]} 60. gxh4 {[%clk 00:03:46]} {[%emt 00:00:02]} Kd2
{[%clk 00:23:44]} {[%emt 00:03:34]} 61. Kf4 {[%clk 00:02:50]} {[%emt 00:01:26]}
Ra5 {[%clk 00:23:28]} {[%emt 00:00:46]} 62. Kg4 {[%clk 00:03:09]} {[%emt
00:00:11]} Ke3 {[%clk 00:20:54]} {[%emt 00:03:04]} 63. h5 {[%clk 00:03:28]}
{[%emt 00:00:11]} Ke4 {[%clk 00:20:49]} {[%emt 00:00:33]} 64. h6 {[%clk
00:03:45]} {[%emt 00:00:16]} Ke5 {[%clk 00:20:09]} {[%emt 00:01:09]} 65. h7
{[%clk 00:03:31]} {[%emt 00:00:44]} Ra8 {[%clk 00:20:27]} {[%emt 00:00:12]} 66.
Kg5 {[%clk 00:03:42]} {[%emt 00:00:19]} Ke6 {[%clk 00:19:23]} {[%emt 00:01:31]}
67. Kg6 {[%clk 00:04:10]} {[%emt 00:00:07]} Ke7 {[%clk 00:17:56]} {[%emt
00:01:53]} 68. Kg7 {[%clk 00:04:02]} {[%emt 00:00:41]} Rxa4 {[%clk 00:17:44]}
{[%emt 00:00:42]} 69. h8=Q {[%clk 00:04:09]} {[%emt 00:00:22]} Rg4 {[%clk
00:18:10]} {[%emt 00:00:04]} 70. Kh6 {[%clk 00:04:02]} {[%emt 00:00:38]} Rh4+
{[%clk 00:18:34]} {[%emt 00:00:05]} 71. Kg7 {[%clk 00:04:29]} {[%emt 00:00:04]}
Rxh8 {[%clk 00:18:51]} {[%emt 00:00:12]} 72. Kxh8 {[%emt 00:00:05]} 1/2-1/2

[Event "DVM U20 2020"]
[Site "Willingen GER"]
[Date "2021.06.25"]
[Round "3"]
[White "Reimer, Philip"]
[Black "Bornholdt, Joa Max"]
[Result "0-1"]
[Termination "normal"]
[Board "5.3"]
[WhiteElo "1993"]
[BlackElo "1998"]
[WhiteClock "00:03:01"]
[BlackClock "00:56:57"]
[WhiteTeam "SK Lehrte von 1919 e. V."]
[BlackTeam "Lübecker SV von 1873"]
[PlyCount "122"]
[WhiteFideId "16235860"]
[BlackFideId "16253477"]
[EventCountry "GER"]
[EventRounds "7"]
[EventType "team-swiss"]
[EventDate "2021.06.23"]

1. e4 {[%clk 01:30:56]} {[%emt 00:00:04]} e5 {[%clk 01:30:54]} {[%emt
00:00:06]} 2. Nf3 {[%clk 01:31:21]} {[%emt 00:00:04]} Nc6 {[%clk 01:31:19]}
{[%emt 00:00:05]} 3. Bc4 {[%clk 01:31:47]} {[%emt 00:00:04]} Nf6 {[%clk
01:31:42]} {[%emt 00:00:07]} 4. Ng5 {[%clk 01:32:13]} {[%emt 00:00:05]} d5
{[%clk 01:32:04]} {[%emt 00:00:08]} 5. exd5 {[%clk 01:32:38]} {[%emt 00:00:04]}
Na5 {[%clk 01:32:24]} {[%emt 00:00:11]} 6. Bb5+ {[%clk 01:33:03]} {[%emt
00:00:05]} c6 {[%clk 01:32:49]} {[%emt 00:00:05]} 7. dxc6 {[%clk 01:33:28]}
{[%emt 00:00:05]} bxc6 {[%clk 01:33:06]} {[%emt 00:00:12]} 8. Bd3 {[%clk
01:33:53]} {[%emt 00:00:05]} Nd5 {[%clk 01:33:11]} {[%emt 00:00:26]} 9. Nf3
{[%clk 01:34:17]} {[%emt 00:00:06]} Bd6 {[%clk 01:33:34]} {[%emt 00:00:07]} 10.
O-O {[%clk 01:34:41]} {[%emt 00:00:06]} O-O {[%clk 01:33:56]} {[%emt 00:00:07]}
11. Re1 {[%clk 01:35:08]} {[%emt 00:00:04]} f5 {[%clk 01:34:17]} {[%emt
00:00:09]} 12. Nxe5 {[%clk 01:34:39]} {[%emt 00:00:59]} Qf6 {[%clk 01:34:41]}
{[%emt 00:00:06]} 13. Nf3 {[%clk 01:34:56]} {[%emt 00:00:14]} g5 {[%clk
01:34:56]} {[%emt 00:00:16]} 14. g3 {[%clk 01:34:49]} {[%emt 00:00:37]} f4
{[%clk 01:34:41]} {[%emt 00:00:44]} 15. Be4 {[%clk 01:28:24]} {[%emt 00:06:56]}
fxg3 {[%clk 01:34:22]} {[%emt 00:00:49]} 16. fxg3 {[%clk 01:24:58]} {[%emt
00:03:56]} g4 {[%clk 01:31:34]} {[%emt 00:03:17]} 17. Nh4 {[%clk 01:23:16]}
{[%emt 00:02:12]} Bxg3 {[%clk 01:28:57]} {[%emt 00:03:07]} 18. hxg3 {[%clk
00:55:09]} {[%emt 00:28:37]} Qf2+ {[%clk 01:28:54]} {[%emt 00:00:33]} 19. Kh1
{[%clk 00:55:34]} {[%emt 00:00:04]} Qxg3 {[%clk 01:29:00]} {[%emt 00:00:25]}
20. Re2 {[%clk 00:28:06]} {[%emt 00:27:58]} Qh3+ {[%clk 01:26:01]} {[%emt
00:03:28]} 21. Kg1 {[%clk 00:27:34]} {[%emt 00:01:02]} Qxh4 {[%clk 01:26:04]}
{[%emt 00:00:27]} 22. Qe1 {[%clk 00:20:26]} {[%emt 00:07:38]} Qxe1+ {[%clk
01:20:08]} {[%emt 00:06:26]} 23. Rxe1 {[%clk 00:20:51]} {[%emt 00:00:05]} Bf5
{[%clk 01:20:02]} {[%emt 00:00:37]} 24. d3 {[%clk 00:15:00]} {[%emt 00:06:21]}
Kg7 {[%clk 01:16:27]} {[%emt 00:04:05]} 25. Bd2 {[%clk 00:14:06]} {[%emt
00:01:24]} Nb7 {[%clk 01:16:23]} {[%emt 00:00:33]} 26. Nc3 {[%clk 00:13:07]}
{[%emt 00:01:29]} Nb4 {[%clk 01:15:18]} {[%emt 00:01:34]} 27. Rac1 {[%clk
00:08:14]} {[%emt 00:05:25]} Rae8 {[%clk 01:11:15]} {[%emt 00:04:32]} 28. a3
{[%clk 00:08:12]} {[%emt 00:00:32]} Bxe4 {[%clk 01:10:04]} {[%emt 00:01:41]}
29. Nxe4 {[%clk 00:07:49]} {[%emt 00:00:53]} Nd5 {[%clk 01:10:09]} {[%emt
00:00:25]} 30. Rf1 {[%clk 00:08:09]} {[%emt 00:00:10]} Kg6 {[%clk 01:08:52]}
{[%emt 00:01:47]} 31. Kg2 {[%clk 00:08:03]} {[%emt 00:00:36]} Nf6 {[%clk
01:02:39]} {[%emt 00:06:43]} 32. Rf4 {[%clk 00:06:41]} {[%emt 00:01:52]} h5
{[%clk 01:02:05]} {[%emt 00:01:04]} 33. Bb4 {[%clk 00:06:46]} {[%emt 00:00:25]}
c5 {[%clk 00:58:56]} {[%emt 00:03:38]} 34. Nxc5 {[%clk 00:01:45]} {[%emt
00:05:31]} a5 {[%clk 00:58:06]} {[%emt 00:01:20]} 35. Nxb7 {[%clk 00:01:33]}
{[%emt 00:00:42]} axb4 {[%clk 00:58:34]} {[%emt 00:00:02]} 36. Rcf1 {[%clk
00:01:13]} {[%emt 00:00:50]} bxa3 {[%clk 00:58:04]} {[%emt 00:01:00]} 37. bxa3
{[%clk 00:01:28]} {[%emt 00:00:15]} Re2+ {[%clk 00:58:29]} {[%emt 00:00:05]}
38. R1f2 {[%clk 00:01:13]} {[%emt 00:00:45]} Rxf2+ {[%clk 00:58:56]} {[%emt
00:00:03]} 39. Rxf2 {[%clk 00:01:35]} {[%emt 00:00:08]} Ra8 {[%clk 00:59:12]}
{[%emt 00:00:14]} 40. Nc5 {[%clk 00:00:57]} {[%emt 00:01:08]} Rxa3 {[%clk
00:58:52]} {[%emt 00:00:50]} 41. Kg3 {[%clk 00:22:23]} {[%emt 00:09:03]} Ra1
{[%clk 01:14:31]} {[%emt 00:14:51]} 42. c4 {[%clk 00:21:24]} {[%emt 00:01:29]}
Re1 {[%clk 01:13:05]} {[%emt 00:01:57]} 43. Rd2 {[%clk 00:11:48]} {[%emt
00:10:06]} Re5 {[%clk 01:11:03]} {[%emt 00:02:32]} 44. Nb3 {[%clk 00:11:51]}
{[%emt 00:00:28]} Kg5 {[%clk 01:09:45]} {[%emt 00:01:48]} 45. Nd4 {[%clk
00:10:50]} {[%emt 00:01:31]} h4+ {[%clk 01:09:42]} {[%emt 00:00:32]} 46. Kh2
{[%clk 00:10:49]} {[%emt 00:00:31]} Re3 {[%clk 00:59:42]} {[%emt 00:10:30]} 47.
c5 {[%clk 00:08:44]} {[%emt 00:02:35]} g3+ {[%clk 00:59:17]} {[%emt 00:00:55]}
48. Kg2 {[%clk 00:07:44]} {[%emt 00:01:30]} Nd5 {[%clk 00:57:26]} {[%emt
00:02:20]} 49. Ne2 {[%clk 00:02:24]} {[%emt 00:05:50]} Kg4 {[%clk 00:55:59]}
{[%emt 00:01:58]} 50. c6 {[%clk 00:02:07]} {[%emt 00:00:46]} Rf3 {[%clk
00:55:00]} {[%emt 00:01:29]} 51. Rd1 {[%clk 00:00:38]} {[%emt 00:01:59]} Ne3+
{[%clk 00:55:03]} {[%emt 00:00:27]} 52. Kg1 {[%clk 00:01:06]} {[%emt 00:00:02]}
Nxd1 {[%clk 00:55:14]} {[%emt 00:00:19]} 53. c7 {[%clk 00:01:24]} {[%emt
00:00:12]} Rf8 {[%clk 00:55:18]} {[%emt 00:00:26]} 54. d4 {[%clk 00:01:21]}
{[%emt 00:00:34]} Ne3 {[%clk 00:55:42]} {[%emt 00:00:06]} 55. Kh1 {[%clk
00:01:41]} {[%emt 00:00:09]} Rc8 {[%clk 00:55:35]} {[%emt 00:00:37]} 56. d5
{[%clk 00:02:00]} {[%emt 00:00:12]} Nxd5 {[%clk 00:56:00]} {[%emt 00:00:06]}
57. Ng1 {[%clk 00:02:14]} {[%emt 00:00:15]} Rxc7 {[%clk 00:56:22]} {[%emt
00:00:08]} 58. Ne2 {[%clk 00:02:36]} {[%emt 00:00:09]} Ne3 {[%clk 00:56:22]}
{[%emt 00:00:30]} 59. Ng1 {[%clk 00:02:51]} {[%emt 00:00:14]} Rc2 {[%clk
00:56:18]} {[%emt 00:00:34]} 60. Nh3 {[%clk 00:02:39]} {[%emt 00:00:43]} Kxh3
{[%clk 00:56:36]} {[%emt 00:00:13]} 61. Kg1 {[%clk 00:03:01]} {[%emt 00:00:08]}
Rc1# {[%clk 00:56:57]} {[%emt 00:00:09]} 0-1